| 000 | 00571nam a22002057a 4500 | ||
|---|---|---|---|
| 003 | OSt | ||
| 005 | 20140310182816.0 | ||
| 008 | 130228t xxu||||| |||| 00| 0 eng d | ||
| 020 | _a9781422158012 | ||
| 050 |
_aHF 5549.12 _b.H395 2011 |
||
| 100 | _aGoleman, Daniel. | ||
| 245 |
_aHBR's 10 must reads : _bon managing people / _cDaniel Goleman. |
||
| 260 |
_aBoston : _bHarvard Business School Press, _c2010. |
||
| 300 |
_a224 p. : _c21 cm. |
||
| 521 | _aBSBA | ||
| 650 | _aSupervision of employees | ||
| 650 | _aManagement | ||
| 942 |
_2lcc _cBK _kFOR |
||
| 999 |
_c16273 _d16273 |
||